000
00306nam a2200109Ia 4500
008
180205s9999 xx 000 0 und d
020
_a
9710859382
100
_a
Rivera, Filomena V.
245
_a
Jose Rizal's immortal legacy /
260
_a
San juan City
_b
National bookstore
_c
1997
300
_a
ix, 198 pages
999
_c
354771
_d
354771